000
00281nam a22001337a 4500
008
180910b xxu||||| |||| 00| 0 eng d
020
_a
9781305301481
041
_a
eng
080
_a
510
100
_a
38
101
_a
MAT
245
_a
Precalculus
_c
Thomas.W.H
942
_2
udc
_c
BK
999
_c
47632
_d
47632